| 000 | 01824nam0a2200385 4500 | ||
|---|---|---|---|
| 001 | RU\NLR\bibl\326627 | ||
| 005 | 20260405081510.0 | ||
| 010 |
_a5-8343-0082-0 _bВ пер. _92000 |
||
| 021 |
_aRU _b2002-36139 _91760 |
||
| 035 | _a(NLR Aleph) 000321626 | ||
| 090 |
_a100902 _c100902 |
||
| 100 | _a20021016d2001 |||y0rusy50 ca | ||
| 101 | 0 | _arus | |
| 102 | _aRU | ||
| 105 | _aa ||||||||| | ||
| 200 | 1 |
_aИстория ДВГМА _e(Мор. образование на Дал. Востоке в очерках и документах) _fВ. П. Королюк |
|
| 210 |
_aВладивосток _cДВГМА _d2001 |
||
| 215 |
_a384 с., [8] л. ил. _d21 |
||
| 225 | 1 |
_aНародная издательская программа "Новая книга" _iСерия "Академия на Верхнепортовой" _vКн. 10 |
|
| 601 | 0 | 2 |
_aДальневосточная государственная морская академия им. Г. И. Невельского _cВладивосток _2psbo |
| 601 | 0 | 2 |
_aДальневосточная морская академия им. Г.И. Невельского _cВладивосток, город _xИстория _92267489 _3RU\NLR\auth\661359194 |
| 610 | 0 | _aМорские академии - История | |
| 610 | 0 | _aМорской транспорт - Кадры - Подготовка | |
| 610 | 0 | _aВладивосток, образование | |
| 675 |
_a378.665.66 _v3 _zrus |
||
| 686 |
_a14.35 _2rugasnti |
||
| 686 |
_a74.58 _2rubbk |
||
| 686 | _aЧ488.759.34(2) | ||
| 700 | 1 |
_4070 _8rus _7ca _aКоролюк _bВ. П. _f1956- _gВалерий Павлович _3RU\NLR\auth\7728413 _911444 |
|
| 801 | 0 |
_aRU _bRKP _c20021016 _gPSBO |
|
| 801 | 1 |
_aRU _bRKP _c20021016 |
|
| 801 | 2 |
_aRU _bNLR _c20070306 _grcr |
|
| 942 | _cBOOK | ||
| 980 | _aNB | ||
| 980 | _aNBR | ||